Dictionary of evangelical biography : (Record no. 10399)
[ view plain ]
| 000 -LEADER | |
|---|---|
| fixed length control field | 01695cam a2200373Ii 4500 |
| 001 - CONTROL NUMBER | |
| control field | 57466907 |
| 003 - CONTROL NUMBER IDENTIFIER | |
| control field | OCoLC |
| 005 - DATE AND TIME OF LATEST TRANSACTION | |
| control field | 20241126110731.0 |
| 008 - FIXED-LENGTH DATA ELEMENTS--GENERAL INFORMATION | |
| fixed length control field | 050121s2004 mau bd 001 0 eng d |
| 020 ## - INTERNATIONAL STANDARD BOOK NUMBER | |
| International Standard Book Number | 1565639359 |
| Qualifying information | (alk. paper) |
| 020 ## - INTERNATIONAL STANDARD BOOK NUMBER | |
| International Standard Book Number | 9781565639355 |
| Qualifying information | (alk. paper) |
| 035 ## - SYSTEM CONTROL NUMBER | |
| System control number | (OCoLC)57466907 |
| 040 ## - CATALOGING SOURCE | |
| Original cataloging agency | D9B |
| Language of cataloging | eng |
| Description conventions | rda |
| Transcribing agency | D9B |
| Modifying agency | OCLCQ |
| -- | EXN |
| -- | BAKER |
| -- | FIN |
| 050 #4 - | |
| -- | BR1640 |
| -- | .D53 2004 |
| 055 #4 - | |
| -- | BR1640 |
| -- | .D53 2004 |
| 082 04 - DEWEY DECIMAL CLASSIFICATION NUMBER | |
| Classification number | 269.20922 |
| Edition information | 22 |
| Item number | DIC |
| 082 04 - DEWEY DECIMAL CLASSIFICATION NUMBER | |
| Classification number | 270.803 |
| Item number | DIC |
| 090 ## - LOCALLY ASSIGNED LC-TYPE CALL NUMBER (OCLC); LOCAL CALL NUMBER (RLIN) | |
| Classification number (OCLC) (R) ; Classification number, CALL (RLIN) (NR) | BR1640 |
| Local cutter number (OCLC) ; Book number/undivided call number, CALL (RLIN) | .D53 2004 |
| 092 ## - LOCALLY ASSIGNED DEWEY CALL NUMBER (OCLC) | |
| Classification number | 270.803 |
| Item number | D554 |
| 245 00 - TITLE STATEMENT | |
| Title | Dictionary of evangelical biography : |
| Remainder of title | 1730-1860 / |
| Statement of responsibility, etc. | edited by Donald M. Lewis. |
| 264 #1 - PRODUCTION, PUBLICATION, DISTRIBUTION, MANUFACTURE, AND COPYRIGHT NOTICE | |
| Place of production, publication, distribution, manufacture | Peabody, Mass. : |
| Name of producer, publisher, distributor, manufacturer | Hendrickson Publishers, |
| Date of production, publication, distribution, manufacture, or copyright notice | 2004. |
| 300 ## - PHYSICAL DESCRIPTION | |
| Extent | 2 volumes ; |
| Dimensions | 26 cm |
| 336 ## - CONTENT TYPE | |
| Content type term | text |
| Content type code | txt |
| Source | rdacontent |
| 337 ## - MEDIA TYPE | |
| Media type term | unmediated |
| Media type code | n |
| Source | rdamedia |
| 338 ## - CARRIER TYPE | |
| Carrier type term | volume |
| Carrier type code | nc |
| Source | rdacarrier |
| 504 ## - BIBLIOGRAPHY, ETC. NOTE | |
| Bibliography, etc. note | Includes bibliographical references and index. |
| 505 0# - FORMATTED CONTENTS NOTE | |
| Formatted contents note | V. 1. A-J -- v. 2. K-Z. |
| 520 ## - SUMMARY, ETC. | |
| Summary, etc. | This is a reprint of the original edition published in 1995 as The Blackwell Dictionary of Evangelical Biography, 1730-1860. Annotation : 2004 Book News, Inc., Portland, OR (booknews.com). |
| 650 #0 - SUBJECT ADDED ENTRY--TOPICAL TERM | |
| Topical term or geographic name entry element | Evangelicalism |
| Authority record control number or standard number | https://id.loc.gov/authorities/subjects/sh85045933 |
| Form subdivision | Dictionaries. |
| Authority record control number or standard number | https://id.loc.gov/authorities/subjects/sh99001671 |
| 9 (RLIN) | 3621 |
| 650 #0 - SUBJECT ADDED ENTRY--TOPICAL TERM | |
| Topical term or geographic name entry element | Christian biography |
| Authority record control number or standard number | https://id.loc.gov/authorities/subjects/sh85025025 |
| Form subdivision | Dictionaries. |
| Authority record control number or standard number | https://id.loc.gov/authorities/subjects/sh99001671 |
| 9 (RLIN) | 1351 |
| 655 #7 - INDEX TERM--GENRE/FORM | |
| Genre/form data or focus term | Dictionaries. |
| Source of term | lcgft |
| Authority record control number or standard number | https://id.loc.gov/authorities/genreForms/gf2014026086 |
| 9 (RLIN) | 3629 |
| 700 1# - ADDED ENTRY--PERSONAL NAME | |
| Personal name | Lewis, Donald M. |
| Authority record control number or standard number | https://id.loc.gov/authorities/names/n86080341 |
| 9 (RLIN) | 990 |
| 942 ## - ADDED ENTRY ELEMENTS (KOHA) | |
| Source of classification or shelving scheme | Dewey Decimal Classification |
| Koha item type | Reference Books |
| Withdrawn status | Lost status | Source of classification or shelving scheme | Damaged status | Not for loan | Home library | Current Library | Shelving location | Date acquired | Total checkouts | Full call number | Barcode | Date last seen | Copy number | Price effective from | Koha item type |
|---|---|---|---|---|---|---|---|---|---|---|---|---|---|---|---|
| Dewey Decimal Classification | GRACE BIBLE COLLEGE | GRACE BIBLE COLLEGE | Dictionary | 2024-07-09 | 269.20922 DIC | 020781 | 2025-05-01 | v.1 | 2024-07-09 | Reference Books | |||||
| Dewey Decimal Classification | GRACE BIBLE COLLEGE | GRACE BIBLE COLLEGE | Dictionary | 2024-07-09 | 269.20922 DIC | 020782 | 2025-05-01 | v.2 | 2024-07-09 | Reference Books |